Muhammad (S.A.W) Mercy for the Worlds (Record no. 7270)

000 -LEADER
fixed length control field 00450 a2200157 4500
040 ## - CATALOGING SOURCE
Original cataloging agency DLC
Language of cataloging DLC
082 ## - DEWEY DECIMAL CLASSIFICATION NUMBER
Classification number 297.63
100 ## - MAIN ENTRY--PERSONAL NAME
Personal name Qazi Muhammad Sulaiman
245 ## - TITLE STATEMENT
Title Muhammad (S.A.W) Mercy for the Worlds
Statement of responsibility, etc. Qazi Muhammad Sulaiman
Medium Book
260 ## - PUBLICATION, DISTRIBUTION, ETC.
Place of publication, distribution, etc. Karachi :
Name of publisher, distributor, etc. Darul Ishaat
Date of publication, distribution, etc. 2002.
300 ## - PHYSICAL DESCRIPTION
Extent 775 p. ; .
Dimensions 24 cm
500 ## - GENERAL NOTE
General note Includes Index
650 ## - SUBJECT ADDED ENTRY--TOPICAL TERM
Topical term or geographic name entry element Muhammad, Prophet, d632.
700 ## - ADDED ENTRY--PERSONAL NAME
Personal name Salman Mansoor Puri.
942 ## - ADDED ENTRY ELEMENTS (KOHA)
Koha item type Book
Call number prefix 297.63 QAZ
Source of classification or shelving scheme
Holdings
Withdrawn status Lost status Damaged status Not for loan Collection code Permanent Location Current Location Shelving location Date acquired Source of acquisition Cost, normal purchase price Total Checkouts Total Renewals Full call number Barcode Date last seen Date last checked out Price effective from Koha item type
          Central Library (CL) Central Library (CL) General Stacks 06/19/2004 Saeed Book Bank 408.00 3 3 297.63 QAZ SEECS004613 03/09/2021 11/19/2020 01/05/2017 Reference
© 2023 Central Library, National University of Sciences and Technology. All Rights Reserved.